000 00290nam a22001337a 4500
008 181121b xxu||||| |||| 00| 0 eng d
020 _a9780471332343
041 _aeng
080 _a531
100 _a43
101 _aFIZ
245 _aFundamentals Physics
_cWallker.R
942 _2udc
_cBK
999 _c52307
_d52307